Thực tiễn áp dụng qui định của bộ luật hình sự về tội sản xuất, tàng trữ, vận chuyển, buôn bán hàng cấm và những vấn đề cần hoàn thiện /

Guardado en:
Detalles Bibliográficos
Autor principal: Nguyễn Văn Trượng, ThS.
Formato: Artículo
Lenguaje:Vietnamese
Materias:
Etiquetas: Agregar Etiqueta
Sin Etiquetas, Sea el primero en etiquetar este registro!
Thư viện lưu trữ: Thư viện Trường Đại học Đà Lạt
LEADER 00909nam a2200265 4500
001 DLU100109123
005 ##20100616
040 # # |a DLU  |b vie 
041 # # |a vie 
044 # # |a vn 
100 # # |a Nguyễn Văn Trượng,   |c ThS. 
245 # # |a Thực tiễn áp dụng qui định của bộ luật hình sự về tội sản xuất, tàng trữ, vận chuyển, buôn bán hàng cấm và những vấn đề cần hoàn thiện /  |c Nguyễn Văn Trượng. 
653 # # |a Bộ luật hình sự 
653 # # |a Buôn lậu 
653 # # |a Hình phạt 
773 # # |t Tạp chí Toà án nhân dân  |g Số10(20), 2008, tr. 16-19 
920 # # |a Phòng Tạp chí -- Trung tâm Thông tin - Thư viện Trường Đại học Đà Lạt 
994 # # |a DLU 
900 # # |a True 
911 # # |a Nguyễn Thị Linh Chi 
925 # # |a G 
926 # # |a A 
927 # # |a BB 
980 # # |a Thư viện Trường Đại học Đà Lạt